US Police Ranks - Statistics

General Stats
  • This quiz has been taken 514 times
  • The average score is 5 of 10
Answer Stats
Hint Answer % Correct
III Sergeant
85%
II Officer
83%
V Captain
78%
VII Chief
76%
IV Lieutenant
71%
X Commissioner
42%
I Cadet
39%
VI Assistant Chief
25%
IX Deputy Commissioner
22%
VIII Assistant Commissioner
15%
No matching quizzes found
Score Distribution
Percent of People with Each Score
Percentile by Number Answered
Your Score History
You have not taken this quiz